La formation du symbole chez l'enfant: imitation, jeu et reve, image et représentation

Saved in:
Bibliografiske detaljer
Hovedforfatter: Piaget, Jean (Author)
Format: Bog
Sprog:fransk
Udgivet: París Delachaux et Niestlé 1964
Udgivelse:3a. ed
Serier:Actualités Pédagogiques et Psychologiques
Fag:
Tags: Tilføj Tag
Ingen Tags, Vær først til at tagge denne postø!

MARC

LEADER 00000nam a2200000 a 4500
001 UCZ6507
003 CL-VaPUC
008 951211e19640000FR |||||||||||||||||fre|d
082 0 4 |a 155.4  |b PIA  |2 21 
100 0 |a Piaget, Jean  |e author  |9 308149 
245 1 3 |a La formation du symbole chez l'enfant: imitation, jeu et reve, image et représentation 
250 |a 3a. ed 
300 |a 310 p 
942 |c BK 
945 |d 19951211 00:00:00  |a cmena 
260 |a París  |b Delachaux et Niestlé  |c 1964 
650 0 |a Psicología del niño  |9 307305 
650 0 |a Psicología del desarrollo  |9 307541 
650 0 |a Imitación   |9 310497 
650 0 |a Aprendizaje   |9 254827 
650 0 |a Símbolos  |9 267425 
650 0 |a Cognición   |9 270347 
583 |a last modification  |c 19951211 00:00:00  |k Rodrigo Vera 
490 0 |a Actualités Pédagogiques et Psychologiques 
999 |c 242706  |d 242704 
952 |0 0  |1 0  |4 0  |6 155_400000000000000_PIA_1964  |7 0  |8 P  |9 255828  |a BIBEDU  |b BIBEDU  |c BIBEDU_PB  |d 2019-11-19  |i 1604147  |o 155.4 PIA 1964  |p 1604147  |r 2024-01-25  |w 2019-11-19  |y BK  |k EDU